000 00978cam a2200265 4500
001 WB3743-14
008 011113n2001 000 0 eng u
035 _a(Sirsi) u115583
245 _aRetailers seek rate relief
260 _c2001
490 _aRetail Week
_v9 November 2001, 31(1)
520 _aUK retailers affected by a fall in tourism following the terrorist attacks in the US are claiming business rate relief from the Valuation Office (VO). Although the locality criteria in the VO guidelines does not allow for the impact of US terrorist attacks on UK businesses, experts believe that the VO will be receptive to geniune cases.
590 _aWB
650 _aVALUATION OFFICE
650 _aBUSINESS RATES
650 _aRATE RELIEF
650 _aTERRORISM
650 _aLONDON
650 _aAIRPORTS
650 _aUNITED STATES
650 _aTOURISM
650 _aRETAILERS
690 _aPROPERTY-COMMERCIAL PROPERTY-RETAIL PROPERTY
942 _n0
999 _c68837
_d68837